000 00718nam a2200265Ia 4500
003 OSt
005 20220918164309.0
006 a|||||r|||| 00| 0
007 ta
008 220917b |||||||| |||| 00| 0 eng d
020 _a0521329361
024 _a48,008
037 _cTextual
040 _aARTS
_cARTS
_beng
041 _2eng
_aeng
082 _aO111944:g, M7
100 _aSherzer J
_918148
245 0 _aNative American discourse
_b Poetics and rhetoric
260 _aCambridge
_bC U P
_c1987
300 _ax, 246p.
_ccm.
650 _aENGLISH LITERATURE
700 _a Woodbury A C
_918149
942 _hO111944:g, M7
_cTEXL
_2CC
999 _c124083
_d124083